00865cam a22002297a 4500003000500000005001700005008004100022010001000063011001000073020001500083035001000098040000900108082001800117100002800135245009600163260008700259300001100346650003100357700002600388700003500414711018600449CHAP20220329141913.0980513d1996 mx r 00010 spa d a75518 a76490 a9686823441 a86075 cCHAP04a331.02672bA300aAguilar Garcia, Javier.10aLegislación laboral :bel debate de una propuestac/por Javier Aguilar García [y otros] aMéxico, D. F. :bUniversidad Autónoma Metropolitana. Unidad Xochimilco,c1996. a295 p.14aDerecho laboralxMéxico.0 aBensusán, Graciela.0 aGaravito Elías, Rosa Albina.0 aSeminario Estado y Trabajo, Iniciativa de Reformas al Artículo 123 Constitucional y la Ley Federal del Trabajo (LFT) del Partido Acción Nacional (PAN)d(1995 :cMéxico, D. F.)